Redes de apoyo y arreglos de domicilio de las personas en edades de avanzadas en la ciudad de Mexico (Registro nro. 342834)

Detalles MARC
001 - NÚMERO DE CONTROL
campo de control 911472
005 - FECHA Y HORA DE LA ÚLTIMA TRANSACCIÓN
campo de control 20240605085502.0
008 - DATOS DE LONGITUD FIJA--INFORMACIÓN GENERAL
campo de control de longitud fija 050301e20031205 spa
035 ## - NÚMERO DE CONTROL DEL SISTEMA
Número de control de sistema 911472
035 ## - NÚMERO DE CONTROL DEL SISTEMA
Número de control de sistema (OCoLC)820305833
040 ## - FUENTE DE LA CATALOGACIÓN
Centro/agencia transcriptor comduadb
041 ## - CÓDIGO DE LENGUA
Código de lengua del texto/banda sonora o título independiente spa
100 10 - ENTRADA PRINCIPAL--NOMBRE DE PERSONA
Nombre de persona Ham Chande, Robert
Código de función aut
Término indicativo de función/relación Autor/a
9 (RLIN) 316038
245 10 - MENCIÓN DE TÍTULO
Título Redes de apoyo y arreglos de domicilio de las personas en edades de avanzadas en la ciudad de Mexico
650 ## - PUNTO DE ACCESO ADICIONAL DE MATERIA--TÉRMINO DE MATERIA
Término de materia o nombre geográfico como elemento de entrada Redes de apoyo social
9 (RLIN) 109797
650 ## - PUNTO DE ACCESO ADICIONAL DE MATERIA--TÉRMINO DE MATERIA
Término de materia o nombre geográfico como elemento de entrada México
9 (RLIN) 42871
650 ## - PUNTO DE ACCESO ADICIONAL DE MATERIA--TÉRMINO DE MATERIA
Término de materia o nombre geográfico como elemento de entrada Seguridad social - México
9 (RLIN) 171887
650 #7 - PUNTO DE ACCESO ADICIONAL DE MATERIA--TÉRMINO DE MATERIA
Término de materia o nombre geográfico como elemento de entrada Ancianos
Fuente del encabezamiento o término embne
9 (RLIN) 38711
650 #7 - PUNTO DE ACCESO ADICIONAL DE MATERIA--TÉRMINO DE MATERIA
Término de materia o nombre geográfico como elemento de entrada Envejecimiento de la población
Fuente del encabezamiento o término lemb
9 (RLIN) 57044
650 #0 - PUNTO DE ACCESO ADICIONAL DE MATERIA--TÉRMINO DE MATERIA
Término de materia o nombre geográfico como elemento de entrada Apoyo social
9 (RLIN) 35473
700 10 - ENTRADA AGREGADA--NOMBRE PERSONAL
Nombre de persona Ybanez Zepeda, E.
Código de función aut
Término indicativo de función/relación Autor/a
9 (RLIN) 399236
700 10 - ENTRADA AGREGADA--NOMBRE PERSONAL
Nombre de persona Torres Martinez, Ana Luz
Código de función aut
Término indicativo de función/relación Autor/a
9 (RLIN) 535871
773 0# - ENLACE AL DOCUMENTO FUENTE/ENTRADA DE REGISTRO ANFITRIÓN
Título Notas de Población (Santiago de Chile)
Parte(s) relacionada(s) Volumen 30, Número 077, Diciembre de 2003, p. 71-101
Número de control del registro 394197
Número Internacional Normalizado para Publicaciones Seriadas 0303-1829
Número bibliográfico anfitrión 115586
942 ## - ELEMENTOS DE ENTRADA AGREGADA (KOHA)
Tipo de ítem Koha Artículo de Revista

No hay ítems disponibles.